01375nam a2200325Ia 4500001001200000003000800012006001900020007001500039008004100054020002300095020002600118040002100144035002100165050002400186100003500210245014700245260005100392300002400443490006000467504005100527533015200578650002900730650002100759655002900780700001900809710001700828830006100845856012600906999001701032ebr10312918CaPaEBRm u cr cn|||||||||080308s2008 xxua sb 001 0 eng d z1596932244 (cased) z9781596932241 (cased) aCaPaEBRcCaPaEBR a(OCoLC)56802333414aTA1634b.N49 2008eb1 aBharath, A. A.q(Anil Anthony)10aNext generation artificial vision systemsh[electronic resource] :breverse engineering the human visual system /cAnil Bharath, Maria Petrou. aNorwood, MA ;aLondon :bArtech House,cc2008. axiv, 438 p. :bill.1 aArtech House bioinformatics & biomedical imaging series aIncludes bibliographical references and index. aElectronic reproduction.bPalo Alto, Calif. :cebrary,d2011.nAvailable via World Wide Web.nAccess may be limited to ebrary affiliated libraries. 0aArtificial intelligence. 0aComputer vision. 7aElectronic books.2local1 aPetrou, Maria.2 aebrary, Inc. 0aArtech House bioinformatics & biomedical imaging series.40uhttp://site.ebrary.com/lib/rucke/Doc?id=10312918zAn electronic book accessible through the World Wide Web; click to view c63393d63393